| 000 | 00725nam a2200229 a 4500 | ||
|---|---|---|---|
| 001 | 62369 | ||
| 003 | BD-RjUL | ||
| 005 | 20211209081056.0 | ||
| 008 | 170123t19781953enkaf b 001 0 eng d | ||
| 035 | _a(BD-RjUL)62495 | ||
| 040 |
_aBD-RjUL _cBD-RjUL _dBD-RjUL _beng |
||
| 041 | _aeng | ||
| 082 | 0 | 0 |
_a701.1 _223 _bMAC 1954 |
| 100 | 1 |
_aMaritain, Jacques, _d1882-1973. _9171850 |
|
| 245 | 1 | 0 |
_aCreative intuition in art and poetry / _cJacques Maritain. |
| 260 |
_aLondon : _bHarvill Press, _cc1954 |
||
| 300 |
_axxxii, 423 p. : _bill. ; _c27 cm. |
||
| 504 | _aIncludes bibliographical references and index. | ||
| 650 | 0 |
_aPoetry and the arts _9185509 |
|
| 650 | 0 |
_aCreation (Literary, artistic, etc.) _9172602 |
|
| 942 |
_2ddc _cBK |
||
| 999 |
_c62369 _d62369 |
||